Slovenia: What people know about economy
Empirické prieskumy týkajúce sa záujmu slovinskej populácie o otázky trhovej ekonomiky a oblasť cenných papierov. Získavanie informácií o činnosti podnikov obyvateľstvom. Informácie o výkonnosti podnikov prostredníctvom médií. Komunikácia slovinských firiem s verejnosťou.
Salvato in:
| Autore principale: | |
|---|---|
| Altri autori: | , |
| Natura: | Capitolo di libro |
| Lingua: | inglese |
| Soggetti: | |
| Tags: |
Nessun Tag, puoi essere il primo ad aggiungerne!!
|
MARC
| LEADER | 00000naa a2200000 4500 | ||
|---|---|---|---|
| 001 | r049016 | ||
| 005 | 20230929074924.0 | ||
| 041 | 0 | |a eng | |
| 044 | |a SK | ||
| 245 | 1 | 0 | |a Slovenia: What people know about economy |c Jože Florjančič, Marko Ferjan, Goran Vukovič |
| 520 | |a Empirické prieskumy týkajúce sa záujmu slovinskej populácie o otázky trhovej ekonomiky a oblasť cenných papierov. Získavanie informácií o činnosti podnikov obyvateľstvom. Informácie o výkonnosti podnikov prostredníctvom médií. Komunikácia slovinských firiem s verejnosťou. | ||
| 610 | 2 | 0 | |a trh kapitálový |
| 610 | 2 | 0 | |a papiere cenné |
| 610 | 2 | 0 | |a investície |
| 610 | 2 | 0 | |a podnik |
| 610 | 2 | 0 | |a komunikácia |
| 610 | 2 | 0 | |a obyvateľstvo |
| 610 | 2 | 0 | |a Slovinsko |
| 100 | 1 | |a Florjančič, Jože | |
| 700 | 1 | |a Ferjan, Marko | |
| 700 | 1 | |a Vukovič, Goran | |